Life strategies of microorganisms in the environment and in host organisms : Leopoldina symposium : Bremen, April 5 to 8, 2006 /

Korporativní autor: Deutsche Akademie der Naturforscher Leopoldina
Další autoři: Life Strategies of Microorganisms in the Environment and in Host Organisms, Amann, Rudolf, 1961-, Wissenschaftliche Verlagsgesellschaft, Max-Planck-Institut für Marine Mikrobiologie, Universität Bremen
Jazyk: Angličtina
Vydáno: Halle (Saale) : Stuttgart : Deutsche Akademie der Naturforscher Leopoldina ;Wissenschaftliche Verlagsgesellschaft, 2008
Edice: Nova acta Leopoldina : Abhandlungen der Deutschen Akademie der Naturforscher Leopoldina. Neue Folge, Nr. 356, Bd. 96
Témata:
Fyzický popis: 112 s. : il. (některé barev.) ; 24 cm ; supplementum (8 s.)
Language note: Německá resumé
Knihy
Uloženo v:
LEADER 02213nam a2200445 a 4500
001 001195167
003 CZ BrMZK
005 20120315065825.0
007 ta
008 120216s2008 gw a f 100 0 eng
020 |a 978-3-8047-2499-0  |q (brož.) 
040 |a BOA001  |b cze 
041 0 |a eng  |b ger 
072 7 |a 579  |x Mikrobiologie  |2 Konspekt  |9 2 
080 |a 578/579  |2 MRF 
080 |a 578/579.04  |2 MRF 
080 |a 576.8  |2 MRF 
080 |a (062.534)  |2 MRF 
111 2 |a Life Strategies of Microorganisms in the Environment and in Host Organisms  |d (2006 :  |c Brémy, Německo)  |7 mzk2012688395 
245 1 0 |a Life strategies of microorganisms in the environment and in host organisms :  |b Leopoldina symposium : Bremen, April 5 to 8, 2006 /  |c Rudolf Amann ... [et al. (eds.)] 
260 |a Halle (Saale) :  |b Deutsche Akademie der Naturforscher Leopoldina ;  |a Stuttgart :  |b Wissenschaftliche Verlagsgesellschaft,  |c 2008 
300 |a 112 s. :  |b il. (některé barev.) ;  |c 24 cm ;  |e supplementum (8 s.) 
490 1 |a Nova acta Leopoldina : Abhandlungen der Deutschen Akademie der Naturforscher Leopoldina. Neue Folge,  |x 0369-5034  |v Nr. 356, Bd. 96 
500 |a Pod názvem: Deutsche Akademie der Naturforscher Leopoldina in collaboration with the Max Planck Institute for Marine Microbiology, Bremen and the University of Bremen 
504 |a Obsahuje bibliografie 
546 |a Německá resumé 
650 0 7 |a mikroorganismy  |7 ph115309  |2 czenas 
650 0 7 |a ekologie mikroorganismů  |7 ph191258  |2 czenas 
650 0 7 |a parazit a hostitel  |7 ph301336  |2 czenas 
655 7 |a sborníky konferencí  |7 fd133333  |2 czenas 
700 1 |a Amann, Rudolf,  |d 1961-  |7 mzk2012688389  |4 edt 
710 2 |a Deutsche Akademie der Naturforscher Leopoldina  |7 ko2002152588 
710 2 |a Wissenschaftliche Verlagsgesellschaft  |7 ko2003163627 
710 2 |a Max-Planck-Institut für Marine Mikrobiologie  |7 mzk2012688212 
710 2 |a Universität Bremen  |7 ko2003182740 
810 2 |a Deutsche Akademie der Naturforscher Leopoldina.  |t Nova acta Leopoldina.  |p Neue Folge 
910 2 |a BOA001  |b 2-1280.063 
990 |a BK 
991 |b 201203  |c NOV  |e n 
996 7 |b 2610502492  |c 2-1280.063  |l MZK  |r Sklad / do 1 hodiny  |n 1  |p vým.  |w 001229043  |u 000010  |a 1  |e BOA001  |j MZK50  |s A